| 000 | 00806cab a2200217 4500 | ||
|---|---|---|---|
| 001 | ABS38276 | ||
| 008 | 090401t1987 xxu||||| |||| 00| 0 eng d | ||
| 035 | _a(Sirsi) u9712 | ||
| 041 | _aeng | ||
| 100 | _aRead, N.J. | ||
| 245 | _aPaying for severe weather - do farmers need a disaster fund? | ||
| 260 | _c1987 | ||
| 350 | _a0 | ||
| 490 |
_aFarm Management _v6(7) Autumn 1987, 319-324(4) |
||
| 520 | _aCalls for a permanent Agricultural Disaster Fund, highlighting the cost to the farming community of the impact of unexpected and severe weather which causes widespread economic loss . Includes a table of examples of weather-related events and their costs to the farming industry. | ||
| 650 | _aAGRICULTURE | ||
| 650 | _aFUNDING | ||
| 690 | _aRURAL PRACTICE | ||
| 942 | _n0 | ||
| 948 | _c04/03/1997 | ||
| 999 |
_c6104 _d6104 |
||